| 000 | 00569nam a22001937a 4500 | ||
|---|---|---|---|
| 003 | OSt | ||
| 005 | 20260311045702.0 | ||
| 008 | 260311b |||||||| |||| 00| 0 eng d | ||
| 020 | _a0-534-42005-2. | ||
| 040 |
_aDWCL Main lib _cOC |
||
| 082 | _aCirc. 547.22 Mc113 2004 | ||
| 100 | _aMcmurry, John | ||
| 245 |
_aOrganic chemistry _cJohn Mcmurry |
||
| 260 |
_aUSA : _bBrooks/Cole Thomson Learning, _cc2004. |
||
| 300 |
_axxxiii, various paging : _bcol. ill. ; _c26 cm. |
||
| 504 | _aIncludes index. | ||
| 650 | _a1. Organic chemistry. | ||
| 942 |
_2ddc _cBK-CIRC _kCirc. _n0 |
||
| 999 |
_c8924 _d8924 |
||